<?xml version="1.0" encoding="UTF-8"?>
<record
    xmlns:xsi="http://www.w3.org/2001/XMLSchema-instance"
    xsi:schemaLocation="http://www.loc.gov/MARC21/slim http://www.loc.gov/standards/marcxml/schema/MARC21slim.xsd"
    xmlns="http://www.loc.gov/MARC21/slim">

  <leader>01068nac a22002411u 4500</leader>
  <controlfield tag="008">100920t        xxu||||| |||| 00| 0 eng d</controlfield>
  <datafield tag="010" ind1=" " ind2=" ">
    <subfield code="a">81202033</subfield>
  </datafield>
  <datafield tag="020" ind1=" " ind2=" ">
    <subfield code="a">9953100195</subfield>
  </datafield>
  <datafield tag="082" ind1=" " ind2=" ">
    <subfield code="a">330.03</subfield>
    <subfield code="b">G4117</subfield>
  </datafield>
  <datafield tag="100" ind1=" " ind2=" ">
    <subfield code="a">Ghattas, Nabih.              </subfield>
    <subfield code="9">19573</subfield>
  </datafield>
  <datafield tag="245" ind1="1" ind2="2">
    <subfield code="a">A Dictionary of Economics, Business, and Finance :</subfield>
    <subfield code="b">English-Arabic with an Arabic Glossary /</subfield>
    <subfield code="c">compiled and edited by Nabih Ghattas.</subfield>
  </datafield>
  <datafield tag="250" ind1=" " ind2=" ">
    <subfield code="a">new edition</subfield>
  </datafield>
  <datafield tag="260" ind1=" " ind2=" ">
    <subfield code="a">[Beirut] :</subfield>
    <subfield code="b">Librairie du Liban,</subfield>
    <subfield code="c">1980.</subfield>
  </datafield>
  <datafield tag="300" ind1=" " ind2=" ">
    <subfield code="a">677 p. ;</subfield>
    <subfield code="c">25 cm.</subfield>
  </datafield>
  <datafield tag="500" ind1=" " ind2=" ">
    <subfield code="a">English and Arabic.</subfield>
  </datafield>
  <datafield tag="500" ind1=" " ind2=" ">
    <subfield code="a">Title on added t.p.: Mu&#xCA;&#xBB;jam mus&#xCC;&#xA3;t&#xCC;&#xA3;alah&#xCC;&#xA3;a&#xCC;&#x201E;t al-iqtis&#xCC;&#xA3;a&#xCC;&#x201E;d wa-al-ma&#xCC;&#x201E;l wa-ida&#xCC;&#x201E;rat al-&#xCA;&#xBB;umma&#xCC;&#x201E;l.</subfield>
  </datafield>
  <datafield tag="650" ind1=" " ind2="0">
    <subfield code="a">Economics</subfield>
    <subfield code="x">Dictionaries.</subfield>
    <subfield code="9">19574</subfield>
  </datafield>
  <datafield tag="650" ind1=" " ind2="0">
    <subfield code="a">English language</subfield>
    <subfield code="x">Dictionaries</subfield>
    <subfield code="x">Arabic.</subfield>
    <subfield code="9">19577</subfield>
  </datafield>
  <datafield tag="650" ind1=" " ind2="0">
    <subfield code="9">19576</subfield>
    <subfield code="a">Finance</subfield>
    <subfield code="v">Dictionaries</subfield>
    <subfield code="x">Dictionaries</subfield>
  </datafield>
  <datafield tag="650" ind1=" " ind2="0">
    <subfield code="9">19575</subfield>
    <subfield code="a">Business</subfield>
    <subfield code="x">Dictionaries</subfield>
  </datafield>
  <datafield tag="740" ind1="0" ind2=" ">
    <subfield code="a">Mu&#xCA;&#xBB;jam mus&#xCC;&#xA3;t&#xCC;&#xA3;alah&#xCC;&#xA3;a&#xCC;&#x201E;t al-iqtis&#xCC;&#xA3;a&#xCC;&#x201E;d wa-al-ma&#xCC;&#x201E;l wa-ida&#xCC;&#x201E;rat al-&#xCA;&#xBB;umma&#xCC;&#x201E;l.</subfield>
  </datafield>
  <datafield tag="942" ind1=" " ind2=" ">
    <subfield code="c">REFERENCE</subfield>
    <subfield code="k">330.03G4117</subfield>
    <subfield code="2">ddc</subfield>
  </datafield>
  <datafield tag="999" ind1=" " ind2=" ">
    <subfield code="c">3663</subfield>
    <subfield code="d">3663</subfield>
  </datafield>
  <datafield tag="952" ind1=" " ind2=" ">
    <subfield code="0">0</subfield>
    <subfield code="1">0</subfield>
    <subfield code="2">ddc</subfield>
    <subfield code="4">0</subfield>
    <subfield code="7">0</subfield>
    <subfield code="8"> </subfield>
    <subfield code="a">MAIN</subfield>
    <subfield code="b">MAIN</subfield>
    <subfield code="c">0TH</subfield>
    <subfield code="d">2007-05-06</subfield>
    <subfield code="e">purchase</subfield>
    <subfield code="l">0</subfield>
    <subfield code="o">330.03 GHA</subfield>
    <subfield code="p">000039512</subfield>
    <subfield code="r">2025-07-15 00:00:00</subfield>
    <subfield code="y">REFERENCE</subfield>
  </datafield>
</record>
